000 01836nam a2200421Ia 4500
003 GCL
008 140319s9999 xx 000 0 ara d
020 _a7135299953
040 _aGCL /
_cGCL
082 0 4 _a320.956
_bد هـ
100 1 _aحسان البستانى
245 1 0 _aهلال الازمات :
_bالاستراتيجية الأمريكية - الأوروبية حيال الشرق الأوسط الكبير /
_cحسان البستانى
700 1 _aدالدر، أيفو
700 1 _aنيسوتو، نيكول
700 1 _aجردون، فيليب
250 _aالاولى
260 _aبيروت :
_bالدار العربية للعلوم ،
_c2006
300 _a286 ص ؛
_c24 سم
650 0 4 _aالنزاع العربى الاسرائيلى
650 0 4 _aالقضية الفلسطينية
650 0 4 _aالسلام العالمى
650 0 4 _aالعراق - تاريخ - العصر الحديث
650 0 4 _aفلسطين - الاحوال السياسية
650 0 4 _aالارهاب الدولى
650 0 4 _aالشرق الاوسط - الاحوال السياسية
650 0 4 _aالعراق - الاحوال السياسية
650 0 4 _aافغانستان - تاريخ - العصر الحديث
650 0 4 _aايران - الاحوال السياسية
650 0 4 _aالنزاع العربى الاسرائيلى - سوريا
650 0 4 _aباكستان - الاحوال السياسية
650 0 4 _aالاعتداء الامريكى على العراق
650 0 4 _aسوريا - الاحوال السياسية
650 0 4 _aالبرنامج النووى الايرانى
650 0 4 _aايران - الاسلحة الذرية
650 0 4 _aلبنان - الاحوال السياسية
650 0 4 _aحقوق الانسان - سوريا
942 _2ddc
_cBK
999 _c9467
_d9467